[Event "2021 FIDE Online Olympiad"]
[Site "Chess.com"]
[Date "2021.08.28"]
[Round "4.3"]
[White "Barria Baker, Raisa Melissa"]
[Black "Varela La Madrid, Tilsia Carolina"]
[Result "1/2-1/2"]
[WhiteElo "1998"]
[BlackElo "2033"]
[PlyCount "56"]
[EventDate "2021.08.27"]
[EventType "team"]
[EventRounds "9"]
[SourceVersionDate "2018.05.14"]
[WhiteTeam "Panama"]
[BlackTeam "Venezuela"]
[WhiteTeamCountry "PAN"]
[BlackTeamCountry "VEN"]

1. d4 d5 2. c4 e6 3. Nf3 Nf6 4. Nc3 dxc4 5. e4 c5 6. Bxc4 cxd4 7. Nxd4 Bc5 8.
Be3 O-O 9. O-O e5 10. Nf5 Bxe3 11. Nxe3 Nc6 12. Kh1 Qxd1 13. Raxd1 Nd4 14. f4
Ng4 15. Ned5 Nc6 16. f5 a6 17. h3 Nf6 18. Nxf6+ gxf6 19. Nd5 Kg7 20. Rd3 b5 21.
Rg3+ Kh8 22. Bb3 Nd4 23. Nxf6 Nxb3 24. axb3 Bb7 25. Kh2 Rad8 26. Rg4 Rd6 27.
Nh5 f6 28. Rc1 Rd4 1/2-1/2

[Event "2021 FIDE Online Olympiad"]
[Site "Chess.com"]
[Date "2021.08.28"]
[Round "4.4"]
[White "Patino Garcia, Corals"]
[Black "Rondon Chacon, Yolys Desiree"]
[Result "1-0"]
[WhiteElo "1799"]
[BlackElo "1789"]
[PlyCount "85"]
[EventDate "2021.08.27"]
[EventType "team"]
[EventRounds "9"]
[SourceVersionDate "2018.05.14"]
[WhiteTeam "Venezuela"]
[BlackTeam "Panama"]
[WhiteTeamCountry "VEN"]
[BlackTeamCountry "PAN"]

1. d4 Nf6 2. Bf4 d5 3. e3 g6 4. Bd3 Bg7 5. h4 h5 6. Nf3 Bg4 7. c3 Nbd7 8. Nbd2
a6 9. Qc2 Bxf3 10. Nxf3 c5 11. Bxg6 Nf8 12. Bd3 c4 13. Be2 Ne6 14. Ne5 Nxf4 15.
exf4 Qc7 16. Bf3 e6 17. g3 O-O-O 18. O-O-O Ne8 19. Bg2 Nd6 20. Rhe1 Kb8 21. Kb1
Rde8 22. Re2 Bxe5 23. fxe5 Nf5 24. Bxd5 Nxg3 25. fxg3 exd5 26. Qf5 Reg8 27. Qf3
Qd7 28. Rf1 Rg7 29. Ref2 Rhg8 30. Qxh5 Rxg3 31. Rxf7 Qh3 32. Qh7 Qc8 33. h5 Rg1
34. a3 Rxf1+ 35. Rxf1 Qg4 36. Ka2 Rg7 37. Rf8+ Ka7 38. Qh8 Qd7 39. Ra8+ Kb6 40.
Qd8+ Qxd8 41. Rxd8 Rh7 42. Rxd5 Rxh5 43. Rc5 1-0

[Event "2021 FIDE Online Olympiad"]
[Site "Chess.com"]
[Date "2021.08.28"]
[Round "4.5"]
[White "Mendez, Andre"]
[Black "Escalona Landi, Samid Eduardo"]
[Result "0-1"]
[WhiteElo "1574"]
[BlackElo "2177"]
[PlyCount "86"]
[EventDate "2021.08.27"]
[EventType "team"]
[EventRounds "9"]
[SourceVersionDate "2018.05.14"]
[WhiteTeam "Panama"]
[BlackTeam "Venezuela"]
[WhiteTeamCountry "PAN"]
[BlackTeamCountry "VEN"]

1. e4 c5 2. Nc3 a6 3. f4 b5 4. Nf3 Bb7 5. d3 e6 6. Be2 Nf6 7. O-O b4 8. Nb1 d5
9. e5 Nfd7 10. c3 Nc6 11. Be3 Be7 12. d4 O-O 13. Nbd2 a5 14. Bb5 Qb6 15. Bxc6
Bxc6 16. Rb1 Bb5 17. Rf2 Rfc8 18. g4 Bd3 19. Rc1 bxc3 20. bxc3 c4 21. Ne1 Ba3
22. Nxd3 cxd3 23. Rb1 Qc6 24. Rb3 Bf8 25. Nb1 a4 26. Rbb2 Nb6 27. Qxd3 Nc4 28.
Rbe2 Rab8 29. Rf1 Rb7 30. f5 Rcb8 31. Nd2 Rb2 32. Rff2 Rxa2 33. Nxc4 dxc4 34.
Qd1 Rxe2 35. Rxe2 Qe4 36. Re1 a3 37. fxe6 fxe6 38. h3 Rb2 39. Bf2 Qd3 40. Qxd3
cxd3 41. Ra1 a2 42. Kg2 d2 43. Be3 d1=Q+ 0-1

[Event "2021 FIDE Online Olympiad"]
[Site "Chess.com"]
[Date "2021.08.28"]
[Round "4.6"]
[White "Matute Escobar, Roxanny"]
[Black "Vasquez Jaen, Lourdes Lorena"]
[Result "1-0"]
[WhiteElo "1728"]
[BlackElo "1410"]
[PlyCount "49"]
[EventDate "2021.08.27"]
[EventType "team"]
[EventRounds "9"]
[SourceVersionDate "2018.05.14"]
[WhiteTeam "Venezuela"]
[BlackTeam "Panama"]
[WhiteTeamCountry "VEN"]
[BlackTeamCountry "PAN"]

1. e4 e5 2. Nf3 Nc6 3. Bc4 Be7 4. c3 Nf6 5. d3 d6 6. Bb3 O-O 7. Nbd2 d5 8. O-O
Bg4 9. h3 Bh5 10. Re1 d4 11. Nf1 Bd6 12. Ng3 Bg6 13. cxd4 Bb4 14. Bd2 Bxd2 15.
Qxd2 exd4 16. Rac1 Nh5 17. Ne2 Qf6 18. Ba4 Rad8 19. Bxc6 bxc6 20. e5 Qf5 21.
Nexd4 Qxd3 22. Qxd3 Bxd3 23. Nxc6 Rd5 24. Ne7+ Kh8 25. Nxd5 1-0

[Event "2021 FIDE Online Olympiad"]
[Site "Chess.com"]
[Date "2021.08.28"]
[Round "4.1"]
[White "Cardenas Carbajal, Nilson"]
[Black "Eichab, Charles"]
[Result "0-1"]
[WhiteElo "2074"]
[BlackElo "2016"]
[PlyCount "80"]
[EventDate "2021.08.27"]
[EventType "team"]
[EventRounds "9"]
[SourceVersionDate "2018.05.14"]
[WhiteTeam "Honduras"]
[BlackTeam "Namibia"]
[WhiteTeamCountry "HON"]
[BlackTeamCountry "NAM"]

1. e4 c5 2. d4 cxd4 3. c3 dxc3 4. Nxc3 Nc6 5. Nf3 e6 6. Bc4 Nf6 7. O-O d6 8.
Qe2 Be7 9. Rd1 Qc7 10. Nb5 Qb8 11. Bf4 e5 12. Bg5 a6 13. Bxf6 axb5 14. Bxe7
Kxe7 15. Bxb5 Bg4 16. Qe3 Bxf3 17. Qg5+ Kf8 18. gxf3 Nd4 19. Rxd4 exd4 20. Rc1
h5 21. Bd7 Qd8 22. Qf5 g6 23. Qb5 Ra5 24. Rc8 Qxc8 25. Qxa5 Qxd7 26. Qd5 Kg7
27. Qxd4+ Kh7 28. e5 Re8 29. exd6 Re6 30. b4 Qxd6 31. Qc4 Qe7 32. Qf4 Qf6 33.
Qg3 h4 34. Qg4 Re5 35. Kf1 Rf5 36. Ke2 Rf4 37. Qh3 Rxb4 38. Qd7 Rb2+ 39. Kf1
Qxf3 40. Qd4 Rb1+ 0-1

[Event "2021 FIDE Online Olympiad"]
[Site "Chess.com"]
[Date "2021.08.28"]
[Round "4.2"]
[White "Handjaba, Mclean"]
[Black "Rodriguez Ulloa, Josue"]
[Result "1/2-1/2"]
[WhiteElo "1909"]
[BlackElo "1707"]
[PlyCount "92"]
[EventDate "2021.08.27"]
[EventType "team"]
[EventRounds "9"]
[SourceVersionDate "2018.05.14"]
[WhiteTeam "Namibia"]
[BlackTeam "Honduras"]
[WhiteTeamCountry "NAM"]
[BlackTeamCountry "HON"]

1. e4 c5 2. Nf3 Nc6 3. d4 cxd4 4. Nxd4 Nf6 5. Nc3 e5 6. Ndb5 d6 7. Bg5 a6 8.
Na3 b5 9. Nd5 Be7 10. Bxf6 Bxf6 11. c3 O-O 12. Nc2 Bg5 13. h4 Bh6 14. g3 g6 15.
Bg2 Ra7 16. a4 bxa4 17. Rxa4 Bd7 18. Ra2 f5 19. exf5 gxf5 20. O-O f4 21. Qd3
Nb8 22. Be4 Bh3 23. Rd1 Qd7 24. b4 fxg3 25. fxg3 Qg4 26. Ne1 Raf7 27. Ng2 Kh8
28. Kh2 Nd7 29. Nde3 Bxe3 30. Nxe3 Rf2+ 31. Rxf2 Rxf2+ 32. Ng2 Bxg2 33. Bxg2
Nf6 34. Rf1 Rxf1 35. Qxf1 Kg7 36. Qf3 Qc4 37. h5 h6 38. Bh3 Qa2+ 39. Kg1 Qa1+
40. Kh2 Qb2+ 41. Kg1 Qc1+ 42. Kh2 Qd2+ 43. Kg1 Qe1+ 44. Kh2 Qd2+ 45. Kg1 Qe1+
46. Kh2 Qd2+ 1/2-1/2

[Event "2021 FIDE Online Olympiad"]
[Site "Chess.com"]
[Date "2021.08.28"]
[Round "4.3"]
[White "Ortiz, Katherine Berenice"]
[Black "Mentile, Lishen"]
[Result "1-0"]
[WhiteElo "1842"]
[BlackElo "1477"]
[PlyCount "53"]
[EventDate "2021.08.27"]
[EventType "team"]
[EventRounds "9"]
[SourceVersionDate "2018.05.14"]
[WhiteTeam "Honduras"]
[BlackTeam "Namibia"]
[WhiteTeamCountry "HON"]
[BlackTeamCountry "NAM"]

1. e4 d5 2. exd5 Qxd5 3. Nc3 Qa5 4. d4 c6 5. Bd2 Qb6 6. Nf3 Qxb2 7. Rb1 Qa3 8.
Bc4 e6 9. O-O Nf6 10. Qe2 Be7 11. Rb3 Qd6 12. Ne4 Qd8 13. Re1 h6 14. Nxf6+ Bxf6
15. Qe4 Nd7 16. Bd3 Be7 17. c4 Nf6 18. Qe2 b6 19. h3 Bb7 20. Qe3 c5 21. d5 exd5
22. cxd5 Bxd5 23. Bb5+ Nd7 24. Rd3 Be6 25. Ne5 Qc7 26. Nxd7 O-O-O 27. Ba6+ 1-0

[Event "2021 FIDE Online Olympiad"]
[Site "Chess.com"]
[Date "2021.08.28"]
[Round "4.4"]
[White "Horn, Lure"]
[Black "McDowell, Sharon"]
[Result "0-1"]
[WhiteElo "1066"]
[BlackElo "1604"]
[PlyCount "44"]
[EventDate "2021.08.27"]
[EventType "team"]
[EventRounds "9"]
[SourceVersionDate "2018.05.14"]
[WhiteTeam "Namibia"]
[BlackTeam "Honduras"]
[WhiteTeamCountry "NAM"]
[BlackTeamCountry "HON"]

1. e4 e5 2. Nf3 Nc6 3. Bc4 Nf6 4. Nc3 Bb4 5. d3 d6 6. O-O O-O 7. a3 Bc5 8. Bg5
h6 9. Bh4 Bg4 10. h3 Be6 11. Bd5 Qd7 12. Bxf6 gxf6 13. Bxe6 fxe6 14. Nh4 Qf7
15. Qg4+ Kh7 16. Kh2 Rg8 17. Qd1 f5 18. f4 Qf6 19. g3 Rxg3 20. Nf3 Rag8 21. Rf2
Bxf2 22. Qf1 Rxf3 0-1

[Event "2021 FIDE Online Olympiad"]
[Site "Chess.com"]
[Date "2021.08.28"]
[Round "4.5"]
[White "Zuniga Garcia, German"]
[Black "Gaoseb, Manfredo"]
[Result "1-0"]
[WhiteElo "1431"]
[BlackElo "1647"]
[PlyCount "51"]
[EventDate "2021.08.27"]
[EventType "team"]
[EventRounds "9"]
[SourceVersionDate "2018.05.14"]
[WhiteTeam "Honduras"]
[BlackTeam "Namibia"]
[WhiteTeamCountry "HON"]
[BlackTeamCountry "NAM"]

1. e4 c5 2. Nf3 d6 3. d4 cxd4 4. Nxd4 Nf6 5. Nc3 a6 6. Bc4 e6 7. a4 Be7 8. O-O
Nc6 9. Be3 O-O 10. f4 Qc7 11. Ba2 Nb4 12. Bb3 Nc6 13. Qf3 Na5 14. g4 Nxb3 15.
cxb3 e5 16. Nf5 Bxf5 17. exf5 Rac8 18. h4 e4 19. Qg2 Rfe8 20. g5 Nd7 21. Rac1
Nc5 22. Nxe4 Bf8 23. Nxc5 dxc5 24. Bd2 Qb6 25. Rc3 Re4 26. Qxe4 1-0

[Event "2021 FIDE Online Olympiad"]
[Site "Chess.com"]
[Date "2021.08.28"]
[Round "4.6"]
[White "Van Wyk, Keisha C"]
[Black "Mejia, Camila"]
[Result "0-1"]
[WhiteElo "1207"]
[BlackElo "1275"]
[PlyCount "72"]
[EventDate "2021.08.27"]
[EventType "team"]
[EventRounds "9"]
[SourceVersionDate "2018.05.14"]
[WhiteTeam "Namibia"]
[BlackTeam "Honduras"]
[WhiteTeamCountry "NAM"]
[BlackTeamCountry "HON"]

1. e4 e5 2. Nf3 Nc6 3. d4 exd4 4. Nxd4 Nxd4 5. Qxd4 d6 6. Nc3 Be6 7. Be2 Nf6 8.
Be3 Be7 9. O-O c5 10. Qd2 O-O 11. Rad1 Qb6 12. b3 Rad8 13. Bg5 Qb4 14. Qe3 h6
15. Bxf6 Bxf6 16. Nd5 Bxd5 17. Rxd5 Rfe8 18. Bd3 Re5 19. Re1 Bg5 20. Qe2 Bd2
21. Rf1 g6 22. f4 Rxd5 23. exd5 Bxf4 24. Qg4 Be3+ 25. Kh1 Qxg4 26. Rf3 Re8 27.
Bb5 Re7 28. Bd3 Bf4 29. h3 Qg5 30. Kg1 Bg3 31. c4 Re1+ 32. Bf1 Re3 33. Rxe3
Qxe3+ 34. Kh1 Qf2 35. Bd3 Qe1+ 36. Bf1 Qxf1# 0-1

[Event "2021 FIDE Online Olympiad"]
[Site "Chess.com"]
[Date "2021.08.28"]
[Round "4.2"]
[White "Lacayo, Rene"]
[Black "Matthews, Shane"]
[Result "1-0"]
[WhiteElo "2260"]
[BlackElo "2247"]
[PlyCount "105"]
[EventDate "2021.08.27"]
[EventType "team"]
[EventRounds "9"]
[SourceVersionDate "2018.05.14"]
[WhiteTeam "Nicaragua"]
[BlackTeam "Jamaica"]
[WhiteTeamCountry "NCA"]
[BlackTeamCountry "JAM"]

1. Nf3 Nf6 2. d4 g6 3. c4 Bg7 4. Nc3 d6 5. Bf4 O-O 6. e3 Qe8 7. h3 a6 8. Be2
Nbd7 9. O-O e5 10. Bh2 Qe7 11. Re1 b6 12. Rc1 Bb7 13. dxe5 Nxe5 14. Nxe5 dxe5
15. Nd5 Nxd5 16. cxd5 Rad8 17. e4 f5 18. Bc4 Kh8 19. exf5 gxf5 20. Bb3 Qd6 21.
Qc2 Rf7 22. Rcd1 f4 23. Qe4 Bf6 24. Kh1 Rg7 25. f3 Bh4 26. Re2 Rg5 27. g4 Re8
28. Bxf4 c6 29. Bxg5 Bxg5 30. dxc6 Qxc6 31. Bd5 Qh6 32. Kg2 Bc8 33. Bc6 Rf8 34.
Qxe5+ Bf6 35. Qe4 Qh4 36. Qf4 Bg7 37. Qg3 Qf6 38. Be4 a5 39. Red2 Ba6 40. b3
Bb5 41. Rd6 Qg5 42. R6d5 Qe3 43. Qf2 Qxf2+ 44. Kxf2 Ba6 45. Rd8 h6 46. R1d6 Kg8
47. Bd5+ Kh7 48. R8d7 Kh8 49. Bc4 Bc8 50. Ra7 h5 51. Kg2 hxg4 52. hxg4 Re8 53.
Rg6 1-0

[Event "2021 FIDE Online Olympiad"]
[Site "Chess.com"]
[Date "2021.08.28"]
[Round "4.3"]
[White "Miller, Rachel"]
[Black "Alvarez Gutierrez, Patricia"]
[Result "1-0"]
[WhiteElo "2004"]
[BlackElo "1348"]
[PlyCount "61"]
[EventDate "2021.08.27"]
[EventType "team"]
[EventRounds "9"]
[SourceVersionDate "2018.05.14"]
[WhiteTeam "Jamaica"]
[BlackTeam "Nicaragua"]
[WhiteTeamCountry "JAM"]
[BlackTeamCountry "NCA"]

1. e4 e5 2. Nf3 Nc6 3. Bc4 Bc5 4. c3 Nf6 5. d3 d6 6. O-O O-O 7. a4 a6 8. h3 Ba7
9. Re1 h6 10. d4 exd4 11. cxd4 d5 12. exd5 Nxd5 13. Nc3 Be6 14. Ba2 Nxc3 15.
bxc3 Bxa2 16. Rxa2 Re8 17. Rxe8+ Qxe8 18. Re2 Qd7 19. Bf4 Rd8 20. Qe1 Bb6 21.
Re3 Kf8 22. Qa1 Re8 23. Qa3+ Kg8 24. Nd2 Ne7 25. Nc4 Nd5 26. Rxe8+ Qxe8 27. Be3
Nxe3 28. Nxe3 Ba7 29. Qb4 Qc6 30. a5 Qe6 31. Qxb7 1-0

[Event "2021 FIDE Online Olympiad"]
[Site "Chess.com"]
[Date "2021.08.28"]
[Round "4.4"]
[White "Narvaez Talavera, Joanie Ellen"]
[Black "Curwin, Nickaylah"]
[Result "1/2-1/2"]
[WhiteElo "1743"]
[BlackElo "1422"]
[PlyCount "178"]
[EventDate "2021.08.27"]
[EventType "team"]
[EventRounds "9"]
[SourceVersionDate "2018.05.14"]
[WhiteTeam "Nicaragua"]
[BlackTeam "Jamaica"]
[WhiteTeamCountry "NCA"]
[BlackTeamCountry "JAM"]

1. d4 d5 2. c4 c6 3. Nc3 Nf6 4. e3 a6 5. Nf3 Bf5 6. Be2 e6 7. b3 Nbd7 8. O-O
Bd6 9. Bb2 h6 10. Rc1 O-O 11. h3 Rc8 12. Nd2 b5 13. Bf3 Ne4 14. Ncxe4 dxe4 15.
Nxe4 Bxe4 16. Bxe4 f5 17. Bf3 Qg5 18. cxb5 cxb5 19. Qd2 Nf6 20. Rxc8 Rxc8 21.
Rc1 Rd8 22. Rc6 Nd5 23. Bxd5 exd5 24. Rxa6 f4 25. exf4 Bxf4 26. Qe1 Bd2 27. Qe2
Rf8 28. a4 bxa4 29. bxa4 Bb4 30. Re6 Qf4 31. Re8 Rxe8 32. Qxe8+ Kh7 33. Qe2 Ba5
34. Qc2+ Kg8 35. Bc3 Bc7 36. g3 Qf3 37. Be1 Qf7 38. Qe2 Qd7 39. Kg2 Qxa4 40.
Bd2 Qxd4 41. Be3 Qf6 42. Qd3 Be5 43. Qxd5+ Kh7 44. Qe4+ Kg8 45. Qf3 Qe7 46. Bf4
Bf6 47. Be3 Qe6 48. Qg4 Qd5+ 49. Qf3 Qe6 50. Qg4 Qd5+ 51. Kh2 Kh7 52. Qf4 Bg5
53. Qd4 Qf5 54. Bxg5 Qxg5 55. Qe4+ Kg8 56. Kg2 Qf6 57. Qe2 Qc6+ 58. Kg1 Qc1+
59. Kh2 Qc6 60. f4 Qf6 61. Kg2 Qc6+ 62. Kf2 Qh1 63. h4 Qh2+ 64. Kf3 Qh1+ 65.
Kg4 Qc6 66. f5 Qa4+ 67. Kh3 Qd7 68. Qe4 Kh8 69. g4 Qc7 70. Qe8+ Kh7 71. Qe3 Qf7
72. Kg3 Qf6 73. Qf4 Qc3+ 74. Qf3 Qe5+ 75. Kh3 Qf6 76. Qe3 Qf7 77. Qe6 Qc7 78.
Qe4 Qc3+ 79. Kg2 Qd2+ 80. Kf3 Qc3+ 81. Kf4 Qc7+ 82. Ke3 Qc5+ 83. Qd4 Qe7+ 84.
Kf4 Qxh4 85. Kf3 Qh3+ 86. Kf4 Qh2+ 87. Kf3 Qh3+ 88. Kf4 Qh2+ 89. Kf3 Qh3+
1/2-1/2

[Event "2021 FIDE Online Olympiad"]
[Site "Chess.com"]
[Date "2021.08.28"]
[Round "4.5"]
[White "Brown, Akeem"]
[Black "Espinoza Solano, Jose Nahum"]
[Result "1/2-1/2"]
[WhiteElo "1932"]
[BlackElo "1915"]
[PlyCount "150"]
[EventDate "2021.08.27"]
[EventType "team"]
[EventRounds "9"]
[SourceVersionDate "2018.05.14"]
[WhiteTeam "Jamaica"]
[BlackTeam "Nicaragua"]
[WhiteTeamCountry "JAM"]
[BlackTeamCountry "NCA"]

1. d4 Nf6 2. c4 d6 3. Nc3 g6 4. e4 Bg7 5. Nge2 O-O 6. Ng3 c5 7. d5 e5 8. Be2
Ne8 9. O-O f5 10. f4 Nd7 11. exf5 gxf5 12. fxe5 Nxe5 13. Qc2 Qh4 14. Rf4 Ng4
15. Bxg4 fxg4 16. Rxf8+ Kxf8 17. Be3 Be5 18. Rf1+ Kg8 19. Nce4 Qe7 20. Bg5 Qg7
21. Qd2 Qg6 22. Kh1 Bd7 23. Bf4 Bg7 24. Nc3 a6 25. a4 Nc7 26. Nge4 Rf8 27. Re1
Ne8 28. a5 Qf5 29. g3 Qg6 30. Ng5 Nc7 31. Re7 Rd8 32. Nf7 Bf8 33. Nxd8 Bxe7 34.
Nxb7 Bc8 35. Qe2 Kf7 36. Nxc5 dxc5 37. Bxc7 Bd7 38. Bf4 Bf6 39. Ne4 Bd4 40.
Nd6+ Kf8 41. Qe4 Bxb2 42. Qxg6 hxg6 43. Be3 Be5 44. Bxc5 Bxd6 45. Bxd6+ Ke8 46.
Be5 Ba4 47. c5 Bb3 48. d6 Kd7 49. Kg1 Kc6 50. Kf2 Be6 51. Bd4 Bf5 52. Ke3 Kd7
53. Kf4 Ke6 54. Bc3 Kd7 55. Ke5 Bb1 56. Kf6 Bc2 57. Be5 Bf5 58. Kg5 Kc6 59. Bd4
Kd7 60. Kf6 Bb1 61. Ke5 Bc2 62. Kd5 Bb3+ 63. Ke4 Bc2+ 64. Kf4 Bf5 65. Kg5 Kc6
66. Kf6 Kd7 67. Be5 Bb1 68. c6+ Kxc6 69. Ke7 Bf5 70. Bd4 Bd7 71. Be5 Bf5 72.
Kf6 Kd7 73. Kg5 Ke6 74. Kf4 Kd7 75. Ke3 Ke6 1/2-1/2

[Event "2021 FIDE Online Olympiad"]
[Site "Chess.com"]
[Date "2021.08.28"]
[Round "4.6"]
[White "Martinez Gutierrez, Camila Renata"]
[Black "Brown, Raehanna"]
[Result "0-1"]
[WhiteElo "1255"]
[BlackElo "1540"]
[PlyCount "124"]
[EventDate "2021.08.27"]
[EventType "team"]
[EventRounds "9"]
[SourceVersionDate "2018.05.14"]
[WhiteTeam "Nicaragua"]
[BlackTeam "Jamaica"]
[WhiteTeamCountry "NCA"]
[BlackTeamCountry "JAM"]

1. d4 Nf6 2. Bf4 g6 3. Nf3 Bg7 4. e3 O-O 5. Bd3 d6 6. O-O Nbd7 7. Re1 c5 8. c3
b6 9. e4 Bb7 10. d5 a6 11. Qc1 b5 12. Bh6 c4 13. Bc2 Qb6 14. Bxg7 Kxg7 15. h3
a5 16. Nbd2 Rfc8 17. e5 dxe5 18. Nxe5 Nxe5 19. Rxe5 Nxd5 20. Be4 e6 21. Nf3 f6
22. Bxd5 fxe5 23. Bxb7 Qxb7 24. Nxe5 Qe4 25. Nf3 b4 26. Qg5 Ra7 27. Re1 Qd5 28.
Qc1 Rd7 29. Ne5 Rdd8 30. Qf4 Rf8 31. Qe3 Rf5 32. Ng4 Rd8 33. Qh6+ Kg8 34. Qe3
bxc3 35. bxc3 Kg7 36. Qh6+ Kg8 37. Qe3 Rff8 38. Nh6+ Kg7 39. Ng4 Kh8 40. Qxe6
Qxe6 41. Rxe6 Rd1+ 42. Kh2 Rd3 43. Ra6 Rf5 44. Ra8+ Kg7 45. Ra7+ Rf7 46. Rxa5
Rxc3 47. Rc5 Rc1 48. a4 c3 49. a5 c2 50. Kg3 h5 51. Ne3 h4+ 52. Kxh4 Rxf2 53.
a6 Ra1 54. Nxc2 Rxa6 55. Kg3 Re2 56. Rc7+ Kh6 57. Nd4 Ra3+ 58. Nf3 Raa2 59. Kh4
Rxg2 60. Rc6 Ra4+ 61. Rc4 Rxc4+ 62. Nd4 Rxd4# 0-1

[Event "2021 FIDE Online Olympiad"]
[Site "Chess.com"]
[Date "2021.08.28"]
[Round "4.1"]
[White "Warner, Delisle"]
[Black "Anquandah, Francis Eric"]
[Result "1-0"]
[WhiteElo "2195"]
[BlackElo "2031"]
[PlyCount "101"]
[EventDate "2021.08.27"]
[EventType "team"]
[EventRounds "9"]
[SourceVersionDate "2018.05.14"]
[WhiteTeam "Barbados"]
[BlackTeam "Ghana"]
[WhiteTeamCountry "BAR"]
[BlackTeamCountry "GHA"]

1. d4 Nf6 2. c4 e5 3. dxe5 Ng4 4. Bf4 Nc6 5. Nf3 Bb4+ 6. Nc3 Qe7 7. Qd5 f6 8.
exf6 Nxf6 9. Qd3 d6 10. g3 Ne4 11. Bd2 Nxd2 12. Qxd2 O-O 13. Bg2 Bg4 14. O-O
Rae8 15. h3 Be6 16. a3 Bc5 17. b4 Bb6 18. Nd5 Qd7 19. Kh2 Kh8 20. Nxb6 axb6 21.
Rac1 Qf7 22. Ng5 Qf6 23. Nxe6 Rxe6 24. c5 Rfe8 25. e3 dxc5 26. bxc5 b5 27. Qe2
b4 28. Bxc6 Rxc6 29. axb4 Rce6 30. Rcd1 h6 31. Qd3 Qf3 32. Qd5 Qe2 33. Rde1 Qb5
34. Qb3 c6 35. Kg2 Re4 36. Rb1 Qe2 37. Qb2 Rxe3 38. Qxe2 Rxe2 39. Rbd1 Rb2 40.
Rd4 Ree2 41. Rf4 Kh7 42. Rd1 Red2 43. Rxd2 Rxd2 44. Rf7 b6 45. cxb6 Rb2 46. Rf4
g5 47. b7 gxf4 48. b8=Q fxg3 49. Kxg3 c5 50. Qc7+ Kg8 51. Qxc5 1-0

[Event "2021 FIDE Online Olympiad"]
[Site "Chess.com"]
[Date "2021.08.28"]
[Round "4.2"]
[White "Adu-Poku, Kwabena"]
[Black "Edwards, Emar"]
[Result "0-1"]
[WhiteElo "1831"]
[BlackElo "1455"]
[PlyCount "78"]
[EventDate "2021.08.27"]
[EventType "team"]
[EventRounds "9"]
[SourceVersionDate "2018.05.14"]
[WhiteTeam "Ghana"]
[BlackTeam "Barbados"]
[WhiteTeamCountry "GHA"]
[BlackTeamCountry "BAR"]

1. d4 d5 2. Nf3 c6 3. g3 Nf6 4. Bg2 Bf5 5. c4 e6 6. Nc3 Nbd7 7. Qb3 Qb6 8. c5
Qxb3 9. axb3 Be7 10. b4 Ne4 11. b5 Nxc3 12. bxc6 bxc6 13. bxc3 a5 14. Bf4 O-O
15. Nd2 Nf6 16. O-O Ra7 17. e4 Nxe4 18. Bxe4 Bxe4 19. Nxe4 dxe4 20. Rfe1 f5 21.
f3 exf3 22. Rxe6 Rf6 23. Re3 Rf7 24. Kf2 g5 25. Be5 g4 26. Ree1 Bg5 27. Reb1
Rfb7 28. c4 a4 29. Bb8 Rxb1 30. Rxb1 Ra6 31. d5 cxd5 32. cxd5 a3 33. Ra1 Ra5
34. Bd6 a2 35. c6 Kf7 36. c7 Ra8 37. Be5 Ke7 38. d6+ Kd7 39. Rc1 Bxc1 0-1

[Event "2021 FIDE Online Olympiad"]
[Site "Chess.com"]
[Date "2021.08.28"]
[Round "4.3"]
[White "Figueroa, Julissa"]
[Black "Ayiku, Angela Naa Amerley"]
[Result "0-1"]
[WhiteElo "1701"]
[BlackElo "1415"]
[PlyCount "58"]
[EventDate "2021.08.27"]
[EventType "team"]
[EventRounds "9"]
[SourceVersionDate "2018.05.14"]
[WhiteTeam "Barbados"]
[BlackTeam "Ghana"]
[WhiteTeamCountry "BAR"]
[BlackTeamCountry "GHA"]

1. e4 c5 2. Nf3 a6 3. d4 cxd4 4. Nxd4 g6 5. Nc3 Bg7 6. Be3 Qc7 7. Be2 Nf6 8.
O-O O-O 9. Qd2 b5 10. f3 Bb7 11. a3 Nc6 12. Nxc6 Qxc6 13. Kh1 Rad8 14. e5 Ne8
15. Bd4 Nc7 16. Rad1 Ne6 17. Qe3 Nxd4 18. Rxd4 d6 19. Nd5 Qxc2 20. Nxe7+ Kh8
21. Rxd6 Qxb2 22. Rxd8 Rxd8 23. Qb6 Rd7 24. Rd1 Rxd1+ 25. Bxd1 Qd2 26. Qg1 Bxe5
27. Bb3 Kg7 28. a4 Qb4 29. Bd5 Qxe7 0-1

[Event "2021 FIDE Online Olympiad"]
[Site "Chess.com"]
[Date "2021.08.28"]
[Round "4.4"]
[White "Dotse, Dzidzor Esi"]
[Black "Wilson, Hannah"]
[Result "0-1"]
[WhiteElo "1120"]
[BlackElo "1164"]
[PlyCount "80"]
[EventDate "2021.08.27"]
[EventType "team"]
[EventRounds "9"]
[SourceVersionDate "2018.05.14"]
[WhiteTeam "Ghana"]
[BlackTeam "Barbados"]
[WhiteTeamCountry "GHA"]
[BlackTeamCountry "BAR"]

1. d4 d5 2. c4 c6 3. Nc3 Nf6 4. Nf3 e6 5. a4 a5 6. Bf4 Na6 7. e3 Bd6 8. Bg5 O-O
9. Be2 Re8 10. O-O Nb4 11. cxd5 exd5 12. b3 Bg4 13. Rc1 Bc7 14. Nh4 Be6 15. h3
h6 16. Bxf6 Qxf6 17. Nf3 Bf5 18. Nh2 Qd6 19. Nf3 Be4 20. g3 Qd7 21. Nxe4 dxe4
22. Nd2 Bd6 23. Bg4 Qc7 24. Bf5 Nd3 25. Rc3 Bxg3 26. fxg3 Qxg3+ 27. Kh1 Nf2+
28. Rxf2 Qxf2 29. Nxe4 Qh4 30. Nd6 Re7 31. Qg4 Qe1+ 32. Kh2 Qxc3 33. Bb1 Qb2+
34. Kg3 Rxe3+ 35. Kh4 Qxb1 36. Nf5 Re4 37. Ne7+ Kf8 38. Ng6+ fxg6 39. Qxe4
Qxe4+ 40. Kg3 Qxd4 0-1

[Event "2021 FIDE Online Olympiad"]
[Site "Chess.com"]
[Date "2021.08.28"]
[Round "4.5"]
[White "Wilson, Louis"]
[Black "Acheampong, Dave Quansah Chief"]
[Result "1-0"]
[WhiteElo "1143"]
[BlackElo "1375"]
[PlyCount "51"]
[EventDate "2021.08.27"]
[EventType "team"]
[EventRounds "9"]
[SourceVersionDate "2018.05.14"]
[WhiteTeam "Barbados"]
[BlackTeam "Ghana"]
[WhiteTeamCountry "BAR"]
[BlackTeamCountry "GHA"]

1. e4 c5 2. Nf3 d6 3. d4 cxd4 4. Nxd4 Nf6 5. Nc3 a6 6. Bc4 e6 7. Bb3 Be7 8. O-O
O-O 9. f4 Nbd7 10. Qf3 Qc7 11. Be3 Rb8 12. Qg3 Kh8 13. Bxe6 Nc5 14. Bxc8 Rbxc8
15. Nf5 g6 16. Nxe7 Qxe7 17. Bd4 Kg8 18. Qg5 Ncd7 19. Rae1 Qd8 20. e5 dxe5 21.
fxe5 Ne8 22. Qg4 Nc7 23. Ne4 Ne6 24. Bc3 b5 25. Rd1 Qc7 26. Rxd7 1-0

[Event "2021 FIDE Online Olympiad"]
[Site "Chess.com"]
[Date "2021.08.28"]
[Round "4.6"]
[White "Angel-Jordan, Quansah"]
[Black "Moore, Gaybrianna"]
[Result "0-1"]
[WhiteElo "1000"]
[BlackElo "1321"]
[PlyCount "52"]
[EventDate "2021.08.27"]
[EventType "team"]
[EventRounds "9"]
[SourceVersionDate "2018.05.14"]
[WhiteTeam "Ghana"]
[BlackTeam "Barbados"]
[WhiteTeamCountry "GHA"]
[BlackTeamCountry "BAR"]

1. e4 e5 2. Nf3 Nc6 3. Bb5 f5 4. Nc3 Bb4 5. d3 fxe4 6. dxe4 Nf6 7. a3 Bxc3+ 8.
bxc3 Nxe4 9. Qd3 Nf6 10. Bxc6 bxc6 11. Qe2 O-O 12. Bg5 Kh8 13. O-O d6 14. Rfe1
Bg4 15. h3 Bh5 16. Qd2 Qd7 17. g4 Bxg4 18. Bxf6 Bxf3 19. Qh6 Rxf6 20. Qh4 Rg6+
21. Kf1 Rh6 22. Qg3 Rxh3 23. Qg5 Rh1+ 24. Qg1 Rxg1+ 25. Kxg1 Qg4+ 26. Kf1 Qg2#
0-1